Борьба партийных организаций Кузбасса по укреплению сельских советов в 1924-1925 гг.; К истории партийных организаций Кузбасса; Вып. 2

Detaylı Bibliyografya
Parent link:К истории партийных организаций Кузбасса
Вып. 2.— 1963.— С. 64-69
Yazar: Гагарин А. В.
Dil:Rusça
Baskı/Yayın Bilgisi: 1963
Konular:
Materyal Türü: Kitap Bölümü
KOHA link:https://koha.lib.tpu.ru/cgi-bin/koha/opac-detail.pl?biblionumber=590694

MARC

LEADER 00000naa0a2200000 4500
001 590694
005 20250620133535.0
035 |a (RuTPU)RU\TPU\tpu\60 
035 |a TPU00000060 
090 |a 590694 
100 |a 20011210d1963 k||y0rusy50 ca 
101 0 |a rus 
102 |a RU 
200 1 |a Борьба партийных организаций Кузбасса по укреплению сельских советов в 1924-1925 гг.  |f А. В. Гагарин 
461 1 |t К истории партийных организаций Кузбасса 
463 1 |t Вып. 2  |v С. 64-69  |d 1963 
610 1 |a история 
610 1 |a труды учёных ТПУ 
700 1 |a Гагарин  |b А. В. 
801 0 |a RU  |b 63413507  |c 20011210  |g PSBO 
801 2 |a RU  |b 63413507  |c 20050419  |g PSBO 
850 |a 63413507 
942 |c CR